El ginete [sic] sin cabeza : (Record no. 163183)
[ view plain ]
| 000 -LEADER | |
|---|---|
| campo de control de longitud fija | 01051nam a2200265 i 4500 |
| 001 - NÚMERO DE CONTROL | |
| campo de control | 163183 |
| 003 - IDENTIFICADOR DE NÚMERO DE CONTROL | |
| campo de control | ES-MaACL |
| 005 - FECHA Y HORA DE LA ÚLTIMA TRANSACCIÓN | |
| campo de control | 20230906212705.0 |
| 008 - DATOS DE LONGITUD FIJA--INFORMACIÓN GENERAL | |
| campo de control de longitud fija | 931025s1874 sp a |||| | spa d |
| 100 1# - ENTRADA PRINCIPAL--NOMBRE DE PERSONA | |
| Nombre de persona | Reid, Mayne ( |
| Fechas asociadas al nombre | 1818-1883) |
| 9 (RLIN) | 95977 |
| 245 13 - MENCIÓN DEL TÍTULO | |
| Título | El ginete [sic] sin cabeza : |
| Resto del título | tercera parte de Los cazadores de caballos : escrito en inglés / |
| Mención de responsabilidad, etc. | por el capitán Mayne-Reid ; traducción española por A. Soria. |
| 250 ## - MENCION DE EDICION | |
| Mención de edición | Ed. ilustrada con grab. |
| 260 ## - PUBLICACIÓN, DISTRIBUCIÓN, ETC. | |
| Lugar de publicación, distribución, etc. | Madrid : |
| Nombre del editor, distribuidor, etc. | Imp. y Librería de Gaspar y Roig, |
| Fecha de publicación, distribución, etc. | 1874. |
| 300 ## - DESCRIPCIÓN FÍSICA | |
| Extensión | 63 p. : |
| Otras características físicas | il. ; |
| Dimensiones | 28 cm. |
| 490 1# - MENCIÓN DE SERIE | |
| Mención de serie | Biblioteca ilustrada de Gaspar y Roig |
| 490 1# - MENCIÓN DE SERIE | |
| Mención de serie | Aventuras de mar y tierra |
| 597 ## - NOTA DE DESCRIPCIÓN FÍSICA | |
| NOTA DE DESCRIPCIÓN FÍSICA | Texto a dos col. |
| 599 ## - NOTA A LAS ILUSTRACIONES | |
| NOTA A LAS ILUSTRACIONES | Grab. litográficos. |
| 700 1# - ENTRADA AGREGADA--NOMBRE PERSONAL | |
| Nombre de persona | Soria, A. |
| 9 (RLIN) | 132828 |
| 740 32 - ENTRADA AGREGADA--TÍTULO RELACIONADO/ANALÍTICO NO CONTROLADO | |
| Título relacionado o analítico no controlado | El jinete sin cabeza. |
| 830 1# - PUNTO DE ACCESO ADICIONAL DE SERIE-TÍTULO UNIFORME | |
| Título uniforme | Biblioteca ilustrada de Gaspar y Roig |
| 9 (RLIN) | 177255 |
| 830 1# - PUNTO DE ACCESO ADICIONAL DE SERIE-TÍTULO UNIFORME | |
| Título uniforme | Aventuras de mar y tierra |
| 9 (RLIN) | 188405 |
| 852 ## - LOCALIZACIÓN | |
| Ubicación | ES-MaACL |
| Número de control de estantería | C-1198(1) |
| Nota libre | - Enc. hol., conservando la enc. original |
| -- | - Legado de Modesto de la Fuente |
| Estatus retirado | Estado de pérdida | Estado de daño | No para préstamo | Colección | Biblioteca de origen | Biblioteca actual | Ubicación en estantería | Fecha de adquisición | Fuente de adquisición | Total de préstamos | Signatura topográfica completa | Código de barras | Visto por última vez | Precio de reemplazo | Tipo de ítem Koha |
|---|---|---|---|---|---|---|---|---|---|---|---|---|---|---|---|
| Libros del s. XIX | Biblioteca del Ateneo de Madrid | Biblioteca del Ateneo de Madrid | Sala Palomar | 17/01/2008 | C-1198(1) | 1170996 | 23/02/2023 | 23/02/2023 | Libro impreso antiguo |
